Crisis and Disaster management Turbulence and After. (Record no. 2335)

MARC details
005 - DATE AND TIME OF LATEST TRANSACTION
control field 20250515155824.0
020 ## - INTERNATIONAL STANDARD BOOK NUMBER
International Standard Book Number 978-81-224-1592-6
082 ## - DEWEY DECIMAL CLASSIFICATION NUMBER
Classification number 658.403 MUK
100 ## - MAIN ENTRY--PERSONAL NAME
Author name MUKHOPADHYAY, A. K.
245 ## - TITLE STATEMENT
Title Crisis and Disaster management Turbulence and After.
260 ## - PUBLICATION, DISTRIBUTION, ETC.
Place of publication, distribution, etc. New Delhi,
Name of publisher, distributor, etc. New Age International LTd,
Date of publication, distribution, etc. 2005.
300 ## - PHYSICAL DESCRIPTION
Extent xiii, 94p.: ill.; figure, picture
Other physical details Bibliography & Index
Dimensions 24cm
856 ## - ELECTRONIC LOCATION AND ACCESS
Link text Access Online Book
Electronic name Crisis and Disaster
Path www.newagepublishers.com
942 ## - ADDED ENTRY ELEMENTS (KOHA)
Source of classification or shelving scheme Dewey Decimal Classification
Koha item type Books
Holdings
Date last seen Total checkouts Full call number Barcode Cost, replacement price Price effective from Koha item type Lost status Source of classification or shelving scheme Damaged status Not for loan Withdrawn status Home library Current library Shelving location Date acquired Cost, normal purchase price
05/15/2025   658.403 GOO 0000008914 53748.00 05/15/2025 Books   Dewey Decimal Classification       College of Business Education Main Library College of Business Education Main Library General Collection 07/08/2016 17916.00
05/15/2025   658.403 GOO 0000008915 53748.00 05/15/2025 Books   Dewey Decimal Classification       College of Business Education Main Library College of Business Education Main Library General Collection 07/08/2016 17916.00
05/15/2025   658.403 GOO 0000008916 53748.00 05/15/2025 Books   Dewey Decimal Classification       College of Business Education Main Library College of Business Education Main Library General Collection 07/08/2016 17916.00